00624nam a2200205 a 450000100060000000300080000600500170001400800410003102000160007203500190008804000270010704100080013408200310014210000290017324500710020226000320027330000330030560000390033865100410037764279BD-RjUL20211209081305.0170213s1972 bg a 000 0beng d c: IRs. 7.50 a(BD-RjUL)64409 aDLCcDLCdBD-RjULbeng aeng00a954.92040924223bKAS 19721 aKamal, Kazi Ahmedd1924-10aSheikh Mujibur Rahman and birth of Bangladesh /cKazi Ahmed Kamal  aDacca :bK. G. Ahmed,c1972 aiv, 204 p. :bill. ;c21 cm.00aMujibur RahmancSheikhd1920-1975. 0aBangladeshxPolitics and government.